<?xml version="1.0" encoding="UTF-8"?>
<record
    xmlns:xsi="http://www.w3.org/2001/XMLSchema-instance"
    xsi:schemaLocation="http://www.loc.gov/MARC21/slim http://www.loc.gov/standards/marcxml/schema/MARC21slim.xsd"
    xmlns="http://www.loc.gov/MARC21/slim">

  <leader>02050nam0a2200445 i 4500</leader>
  <controlfield tag="001">RU\NLR\BIBL_A\010555045</controlfield>
  <controlfield tag="005">20260406062610.0</controlfield>
  <datafield tag="010" ind1=" " ind2=" ">
    <subfield code="a">9785917631448</subfield>
  </datafield>
  <datafield tag="035" ind1=" " ind2=" ">
    <subfield code="a">(NILC)LIBNET\0000374798</subfield>
  </datafield>
  <datafield tag="035" ind1=" " ind2=" ">
    <subfield code="a">RU/KIROV/BIBL/0000487686</subfield>
  </datafield>
  <datafield tag="035" ind1=" " ind2=" ">
    <subfield code="a">(NLR Aleph) 010555045</subfield>
  </datafield>
  <datafield tag="090" ind1=" " ind2=" ">
    <subfield code="a">10354626</subfield>
    <subfield code="c">10354626</subfield>
  </datafield>
  <datafield tag="100" ind1=" " ind2=" ">
    <subfield code="a">20141203d2013    um y0rusy50      ca</subfield>
  </datafield>
  <datafield tag="101" ind1="1" ind2=" ">
    <subfield code="a">rus</subfield>
    <subfield code="c">ita</subfield>
  </datafield>
  <datafield tag="102" ind1=" " ind2=" ">
    <subfield code="a">RU</subfield>
  </datafield>
  <datafield tag="105" ind1=" " ind2=" ">
    <subfield code="a">y|||z||||00gy</subfield>
  </datafield>
  <datafield tag="200" ind1="1" ind2=" ">
    <subfield code="a">&#x41B;&#x43E;&#x440;&#x435;&#x43D;&#x446;&#x43E; &#x41C;&#x435;&#x434;&#x438;&#x447;&#x438; &#x438; &#x43F;&#x43E;&#x44D;&#x442;&#x44B; &#x435;&#x433;&#x43E; &#x43A;&#x440;&#x443;&#x433;&#x430;</subfield>
    <subfield code="e">[&#x438;&#x437;&#x431;&#x440;&#x430;&#x43D;&#x43D;&#x44B;&#x435; &#x441;&#x442;&#x438;&#x445;&#x43E;&#x442;&#x432;&#x43E;&#x440;&#x435;&#x43D;&#x438;&#x44F; &#x438; &#x43F;&#x43E;&#x44D;&#x43C;&#x44B;]</subfield>
    <subfield code="f">&#x43F;&#x435;&#x440;&#x435;&#x432;&#x43E;&#x434; [&#x441; &#x438;&#x442;&#x430;&#x43B;., &#x43F;&#x440;&#x435;&#x434;&#x438;&#x441;&#x43B;., &#x43A;&#x43E;&#x43C;&#x43C;&#x435;&#x43D;&#x442;.] &#x410;&#x43B;&#x435;&#x43A;&#x441;&#x430;&#x43D;&#x434;&#x440;&#x430; &#x422;&#x440;&#x438;&#x430;&#x43D;&#x434;&#x430;&#x444;&#x438;&#x43B;&#x438;&#x434;&#x438;</subfield>
  </datafield>
  <datafield tag="210" ind1=" " ind2=" ">
    <subfield code="a">&#x41C;&#x43E;&#x441;&#x43A;&#x432;&#x430;</subfield>
    <subfield code="c">&#x412;&#x43E;&#x434;&#x43E;&#x43B;&#x435;&#x439;</subfield>
    <subfield code="d">2013</subfield>
  </datafield>
  <datafield tag="215" ind1=" " ind2=" ">
    <subfield code="a">272 &#x441;.</subfield>
  </datafield>
  <datafield tag="225" ind1="1" ind2=" ">
    <subfield code="a">&#x41F;&#x440;&#x43E;&#x441;&#x442;&#x440;&#x430;&#x43D;&#x441;&#x442;&#x432;&#x43E; &#x43F;&#x435;&#x440;&#x435;&#x432;&#x43E;&#x434;&#x430;</subfield>
  </datafield>
  <datafield tag="327" ind1="1" ind2=" ">
    <subfield code="a">&#x421;&#x43E;&#x434;&#x435;&#x440;&#x436;.: &#x430;&#x432;&#x442;.: &#x41B;&#x43E;&#x440;&#x435;&#x43D;&#x446;&#x43E; &#x41C;&#x435;&#x434;&#x438;&#x447;&#x438;, &#x410;&#x43D;&#x434;&#x436;&#x435;&#x43B;&#x43E; &#x41F;&#x43E;&#x43B;&#x438;&#x446;&#x438;&#x430;&#x43D;&#x43E;, &#x41B;&#x443;&#x438;&#x434;&#x436;&#x438; &#x41F;&#x443;&#x43B;&#x44C;&#x447;&#x438;</subfield>
  </datafield>
  <datafield tag="600" ind1=" " ind2="1">
    <subfield code="a">&#x41C;&#x435;&#x434;&#x438;&#x447;&#x438;</subfield>
    <subfield code="b">&#x41B;.</subfield>
    <subfield code="f">1449 - 1492</subfield>
    <subfield code="g">&#x41B;&#x43E;&#x440;&#x435;&#x43D;&#x446;&#x43E;</subfield>
    <subfield code="9">905921</subfield>
    <subfield code="3">RU\NLR\AUTH\66330033</subfield>
  </datafield>
  <datafield tag="606" ind1="1" ind2=" ">
    <subfield code="a">&#x418;&#x442;&#x430;&#x43B;&#x44C;&#x44F;&#x43D;&#x441;&#x43A;&#x430;&#x44F; &#x43B;&#x438;&#x442;&#x435;&#x440;&#x430;&#x442;&#x443;&#x440;&#x430;</subfield>
    <subfield code="z">15 &#x432;.</subfield>
    <subfield code="9">936575</subfield>
    <subfield code="3">RU\NLR\AUTH\6627180</subfield>
  </datafield>
  <datafield tag="686" ind1=" " ind2=" ">
    <subfield code="a">84(4&#x418;&#x442;&#x430;)42-5&#x44F;43</subfield>
    <subfield code="v">LBC/M</subfield>
    <subfield code="2">rubbk</subfield>
  </datafield>
  <datafield tag="686" ind1=" " ind2=" ">
    <subfield code="a">83.3(4&#x418;&#x442;&#x430;)42</subfield>
    <subfield code="v">LBC/M</subfield>
    <subfield code="2">rubbk</subfield>
  </datafield>
  <datafield tag="686" ind1="1" ind2=" ">
    <subfield code="a">&#x428;6(4&#x418;&#x442;)43-5&#x44F;43{&#x41B;&#x445;1603.2-175}</subfield>
  </datafield>
  <datafield tag="686" ind1="1" ind2=" ">
    <subfield code="a">&#x428;5(4&#x418;&#x442;)43-3.0</subfield>
  </datafield>
  <datafield tag="686" ind1="1" ind2=" ">
    <subfield code="a">&#x428;5(4&#x418;&#x442;)43-4&#x41C;&#x435;&#x434;&#x438;&#x447;&#x438;</subfield>
  </datafield>
  <datafield tag="702" ind1=" " ind2="1">
    <subfield code="a">&#x422;&#x440;&#x438;&#x430;&#x43D;&#x434;&#x430;&#x444;&#x438;&#x43B;&#x438;&#x434;&#x438;</subfield>
    <subfield code="b">&#x410;.</subfield>
    <subfield code="g">&#x410;&#x43B;&#x435;&#x43A;&#x441;&#x430;&#x43D;&#x434;&#x440;</subfield>
    <subfield code="4">730</subfield>
  </datafield>
  <datafield tag="702" ind1=" " ind2="1">
    <subfield code="4">570</subfield>
    <subfield code="8">rus</subfield>
    <subfield code="7">ca</subfield>
    <subfield code="a">&#x41C;&#x435;&#x434;&#x438;&#x447;&#x438;</subfield>
    <subfield code="b">&#x41B;.</subfield>
    <subfield code="f">1449-1492</subfield>
    <subfield code="g">&#x41B;&#x43E;&#x440;&#x435;&#x43D;&#x446;&#x43E;</subfield>
    <subfield code="3">RU\NLR\AUTH\7712777</subfield>
    <subfield code="9">122487</subfield>
  </datafield>
  <datafield tag="702" ind1=" " ind2="1">
    <subfield code="4">570</subfield>
    <subfield code="7">ca</subfield>
    <subfield code="8">rus</subfield>
    <subfield code="a">&#x41F;&#x43E;&#x43B;&#x438;&#x446;&#x438;&#x430;&#x43D;&#x43E;</subfield>
    <subfield code="b">&#x410;.</subfield>
    <subfield code="f">1454-1494</subfield>
    <subfield code="g">&#x410;&#x43D;&#x434;&#x436;&#x435;&#x43B;&#x43E;</subfield>
    <subfield code="9">190723</subfield>
    <subfield code="3">RU\NLR\AUTH\770190774</subfield>
  </datafield>
  <datafield tag="702" ind1=" " ind2="1">
    <subfield code="a">&#x41F;&#x443;&#x43B;&#x44C;&#x447;&#x438;</subfield>
    <subfield code="b">&#x41B;.</subfield>
    <subfield code="f">1432-1484</subfield>
    <subfield code="g">&#x41B;&#x443;&#x438;&#x434;&#x436;&#x438;</subfield>
    <subfield code="4">570</subfield>
  </datafield>
  <datafield tag="801" ind1=" " ind2="0">
    <subfield code="a">RU</subfield>
    <subfield code="b">&#x41A;&#x438;&#x440;&#x43E;&#x432;&#x441;&#x43A;&#x430;&#x44F; &#x413;&#x423;&#x41E;&#x41D;&#x411;</subfield>
    <subfield code="c">20130829</subfield>
    <subfield code="g">rcr</subfield>
  </datafield>
  <datafield tag="801" ind1=" " ind2="1">
    <subfield code="a">RU</subfield>
    <subfield code="b">&#x41A;&#x438;&#x440;&#x43E;&#x432;&#x441;&#x43A;&#x430;&#x44F; &#x413;&#x423;&#x41E;&#x41D;&#x411;</subfield>
    <subfield code="c">20130829</subfield>
    <subfield code="2">rusmarc</subfield>
  </datafield>
  <datafield tag="801" ind1=" " ind2="2">
    <subfield code="a">RU</subfield>
    <subfield code="b">&#x41A;&#x438;&#x440;&#x43E;&#x432;&#x441;&#x43A;&#x430;&#x44F; &#x413;&#x423;&#x41E;&#x41D;&#x411;</subfield>
    <subfield code="c">20130923</subfield>
    <subfield code="2">rusmarc</subfield>
  </datafield>
  <datafield tag="942" ind1=" " ind2=" ">
    <subfield code="c">BOOK</subfield>
  </datafield>
  <datafield tag="980" ind1=" " ind2=" ">
    <subfield code="a">NBR</subfield>
  </datafield>
</record>
